| Registos Bibliográficos associados ao registo de autoridade |
|
Etiqueta de registo: 00625cam 2200241 450 001 586103 003 http://id.bnportugal.gov.pt/bib/catbnp/586103 005 19990804172800.0 095 ## $aPTBN00795382 100 ## $a19960207d1556 k y0pory0103 ba 101 0# $alat 102 ## $aDE 200 1# $aOpera ... omnia 210 #9 $aColoniae$cex off. Haeredum Joannis Quentel,$d1556 215 ## $d2Ê 321 1# $aAdams D 524 321 1# $aBM [STC ger] 245 620 ## $dColonia 700 #0 $aPseudo-Dionísio,$co Areopagita,$f04-05?$386419 702 #1 $aQuentel,$bJohann,$cherdeiros$4610$3618440 801 #0 $aPT$bBN$gRPC 930 ## $lBN$mAG$dR. 7-8 V. 966 ## $lBN$mFGMON$sR. 7 V. 966 ## $lBN$mFGMON$sR. 8 V. 997 ## $aBIBEOD
Etiqueta de registo: 00637cam 2200217 450 001 586497 003 http://id.bnportugal.gov.pt/bib/catbnp/586497 005 19990104000000.0 095 ## $aPTBN00795781 100 ## $a19960213d1552 k y0pory0103 ba 101 0# $alat 102 ## $aDE 200 1# $aEnarrationes piae ac ervditae in libros Josue, Iudicum Ruth, Regum ... Paralipomenon
... 210 #9 $aColoniae$coffic. Haered. I. Quentel,$d1552 215 ## $d2Ê 321 1# $aAdams D 555 321 1# $aCat. Col Bibl. Esp. D 1091 620 ## $dColonia 700 #0 $aDionysius,$cCartusianus,$f1394-1471$365418 702 #1 $aQuentel,$bJohann,$cherdeiros$4610$3618440 801 #0 $aPT$bBN$gRPC 966 ## $lBN$mFGMON$sR. 293 A. 997 ## $aBIBEOD
Etiqueta de registo: 00254nam 2200025 450 001 2284113 003 http://id.bnportugal.gov.pt/bib/catbnp/2284113 100 ## $a20260410d1555 m y0pory01030103ba 101 1# $alat 102 ## $aDX 105 ## $ay z 000yy 106 ## $ar 200 1# $aD. Henrici Susonis, viri sanctitate, eruditione et miraculis clari, Opera (quae quidem
haberi potuerunt) omnia$fnunc demùm post annos ducentos è Sueuico idiomate Latinè translata per F. Laurentium
Surium Carthusianum... 210 #9 $aColoniae$cex officina Haeredu[m] Ioannis Quentel,$danno post Christi natiuitatem 1555 215 ## $a640, [16] p.$d8º 306 ## $aMarca do impressor no verso do f. final 307 ## $aAssin.: a-ss//8 321 ## $aAdams, S 2119 321 ## $aICCU IT\ICCU\RMLE\036457 321 ## $aÖsterreichische Nationalbibliothek 500 10 $aOpera omnia 620 ## $dColónia 700 #1 $aSuso,$bHeinrich,$f1293-1366,$cO.P.$3794066 702 #1 $aSurius,$bLaurentius,$f1522-1578,$cO.P.$4730$3787965 702 #1 $aQuentel,$bJohann,$cherdeiros$4610$3618440 801 #0 $aPT$bBN$gRPC 856 40 $2Cópia digital disponível em Google Books$uhttps://books.google.pt/books?id=zYK2mIFJ0UoC&hl=pt-PT&pg=PA1#v=onepage&q&f=false 966 ## $lBN$mFGMON$sR. 1738 P. 971 ## $cpmesqui$d20260410 997 ## $aBIBEOD
|
|
|